banner-ar

مغلف بالشيكولاتة (شرائط فيديو) / (Record no. 37402)

MARC details
000 -الفاتح
حقل البيانات ثابتة الطول 00696nam a2200193Ia 4500
008 - عناصر البيانات ثابتة الطول - معلومات عامة
حقل البيانات ثابتة الطول 140319s9999 xx 000 0 ara d
040 ## - مصدر الفهرسة
وكالة الفهرسة الأصلية GCL /
وكالة النسخ GCL
082 04 - رقم تصنيف ديوى العشرى
رقم التصنيف ش ف
رقم المادة 791.43
-- س م
100 1# - المدخل الرئيسى - إسم شخصى
الإسم الشخصى سعيد محمد مرزوق
245 10 - بيان العنوان
العنوان مغلف بالشيكولاتة (شرائط فيديو) /
بيان المسئوليه,etc سعيد محمد مرزوق
300 ## - الوصف المادى
التعداد 1 شريط:
تفاصيل ماديه اخرى للوعاء لو ؛
أبعاد الوعاء 1\2 بوصة
650 04 - المدخل الاضافى بالموضوع-مصطلح موضوعى
مصطلح موضوعي الافلام السينمائية
650 04 - المدخل الاضافى بالموضوع-مصطلح موضوعى
مصطلح موضوعي الافلام العربية
650 04 - المدخل الاضافى بالموضوع-مصطلح موضوعى
مصطلح موضوعي الافلام الاجتماعية
650 04 - المدخل الاضافى بالموضوع-مصطلح موضوعى
مصطلح موضوعي الفيديو، أشرطة
942 ## - عناصر المدخل الإضافي( كوها)
مصدر التصنيف او مخطط الترفيف Dewey Decimal Classification
Koha [default] item type المواد السمعية والبصرية
260 ## - PUBLICATION, DISTRIBUTION, ETC. (IMPRINT)
-- القاهرة :
-- سكوب للانتاج والتوزيع الفنى
Holdings
حالة التراجع حالة الفقد حالة تلف ليس للاعارة المكان المؤقت الموقع الحالى تاريخ الاكتساب اجمالي اﻻعارات رقم الطلب الباركود تاريخ اخر مشاهدة تاريخ تفعيل السعر نوع وعاء كوها
        مكتبة القاهرة الكبرى مكتبة القاهرة الكبرى 03/26/2014   ش ف\791.43\ س م 91239 03/26/2014 03/26/2014 المواد السمعية والبصرية
        مكتبة القاهرة الكبرى مكتبة القاهرة الكبرى 03/26/2014   ش ف\791.43\ س م 91240 03/26/2014 03/26/2014 المواد السمعية والبصرية
        مكتبة القاهرة الكبرى مكتبة القاهرة الكبرى 03/26/2014   ش ف\791.43\ س م 91241 03/26/2014 03/26/2014 المواد السمعية والبصرية
        مكتبة القاهرة الكبرى مكتبة القاهرة الكبرى 03/26/2014   ش ف\791.43\ س م 91242 03/26/2014 03/26/2014 المواد السمعية والبصرية
        مكتبة القاهرة الكبرى مكتبة القاهرة الكبرى 03/26/2014   ش ف\791.43\ س م 91243 03/26/2014 03/26/2014 المواد السمعية والبصرية

Powered By

EGPV